000 00653nam a2200229Ia 4500
008 100315s9999 xx 000 0 und d
020 _a0071125116 
040 _cENGLISH 
082 _b3613 
_a658.834 
100 _a"Loudon, D.L., DellaBitta, A.J. "
245 _aConsumer Behaviour
250 _a4th 
260 _aNew York 
_bMcGrow Hill  
_c1993 
300 _a788p. 
365 _eRupees 
_d
_b740.00 
366 _f
505 _gTushar Jadhav 
620 _a"Studing Consumer Behaviour,Understanding Consumer & Market Segments "
630 _aConsumer Behaviour
730 _aConsumer Behaviour
942 _cBOOK
999 _c478348
_d478345